000 00500nam a2200193 i 4500
001 90386
003 ES-MaACL
005 20230906180428.0
007 t|
008 050120s1962 sp ||||1| spa d
100 1 _aLebret, L. J.
_971032
245 1 0 _aAscensión humana /
_cL.J. Lebret.
260 _aBarcelona :
_bEstela,
_c[1962]
300 _a179 p. ;
_c19 cm.
490 1 _aEspiritualidad
830 0 _aEspiritualidad
_9182730
852 _aES-MaACL
_jC-22223
_bR.50210
999 _c90386
_d90386